[Event "13. Hogeschool Zeeland Tournament"]
[Site "Vlissingen NED"]
[Date "2009.08.05"]
[Round "6.11"]
[White "Lalith, Babu M.R"]
[Black "Van Dongen, Cor"]
[Result "1/2-1/2"]
[WhiteElo "2472"]
[BlackElo "2342"]
[PlyCount "52"]
[EventDate "2009.08.01"]
[EventType "swiss"]
[EventRounds "9"]
[EventCountry "NED"]
[Source "lmi"]
[SourceDate "2009.08.01"]

1. Nf3 g6 2. c4 Bg7 3. e4 e5 4. d4 exd4 5. Nxd4 Nc6 6. Nxc6 bxc6 7. Nc3 d6 8.
c5 Nf6 9. Qa4 O-O 10. Be2 d5 11. e5 Ne4 12. Nxe4 dxe4 13. Qxe4 Be6 14. O-O Bd5
15. Qd4 Re8 16. f4 f6 17. Qa4 fxe5 18. f5 e4 19. fxg6 hxg6 20. Bf4 Bxb2 21.
Rad1 Qe7 22. Kh1 Qxc5 23. Bxc7 Qa3 24. Qc2 Qc3 25. Qa4 Qa3 26. Qc2 Qc3 1/2-1/2

[Event "13. Hogeschool Zeeland Tournament"]
[Site "Vlissingen NED"]
[Date "2009.08.05"]
[Round "6.12"]
[White "Henrichs, Thomas"]
[Black "De Jong, Migchiel"]
[Result "1/2-1/2"]
[WhiteElo "2463"]
[BlackElo "2319"]
[PlyCount "77"]
[EventDate "2009.08.01"]
[EventType "swiss"]
[EventRounds "9"]
[EventCountry "NED"]
[Source "lmi"]
[SourceDate "2009.08.01"]

1. d4 e6 2. c4 Bb4+ 3. Bd2 a5 4. Nc3 d5 5. Nf3 Nf6 6. cxd5 exd5 7. Bg5 Qd6 8.
Nd2 Nbd7 9. e3 O-O 10. Bd3 Bxc3 11. bxc3 c5 12. Rb1 b6 13. O-O Ba6 14. Bxa6
Rxa6 15. Qa4 h6 16. Qb5 Rfa8 17. Bxf6 Nxf6 18. a4 Ne8 19. dxc5 bxc5 20. Nb3 Rb6
21. Qxc5 Rab8 22. Qxd6 Nxd6 23. Nd2 Rxb1 24. Rxb1 Rxb1+ 25. Nxb1 Nc4 26. Kf1
Nb2 27. Nd2 Nxa4 28. Nb3 Nxc3 29. Nxa5 f5 30. f3 Nb5 31. Ke2 Kf7 32. Kd3 g5 33.
Nc6 Kf6 34. Nd4 Nd6 35. Ne2 Nb5 36. g3 g4 37. f4 Ke6 38. Nd4+ Nxd4 39. exd4
1/2-1/2

[Event "13. Hogeschool Zeeland Tournament"]
[Site "Vlissingen NED"]
[Date "2009.08.05"]
[Round "6.13"]
[White "Freeke, Matthieu"]
[Black "Roeder, Matthias"]
[Result "1/2-1/2"]
[WhiteElo "2264"]
[BlackElo "2438"]
[PlyCount "34"]
[EventDate "2009.08.01"]
[EventType "swiss"]
[EventRounds "9"]
[EventCountry "NED"]
[Source "lmi"]
[SourceDate "2009.08.01"]

1. d4 Nf6 2. c4 e6 3. Nf3 b6 4. a3 Bb7 5. Nc3 d5 6. cxd5 Nxd5 7. Qc2 Nxc3 8.
bxc3 Nd7 9. e4 c5 10. Bf4 cxd4 11. cxd4 Rc8 12. Qb3 Be7 13. Bd3 Nf6 14. Qb5+
Qd7 15. Ne5 Qxb5 16. Bxb5+ Kf8 17. f3 Ne8 1/2-1/2

[Event "13. Hogeschool Zeeland Tournament"]
[Site "Vlissingen NED"]
[Date "2009.08.05"]
[Round "6.15"]
[White "Beliavsky, Alexander G"]
[Black "Van den Berg, Ad"]
[Result "1-0"]
[WhiteElo "2662"]
[BlackElo "2197"]
[PlyCount "63"]
[EventDate "2009.08.01"]
[EventType "swiss"]
[EventRounds "9"]
[EventCountry "NED"]
[Source "lmi"]
[SourceDate "2009.08.01"]

1. d4 f5 2. Nf3 Nf6 3. g3 d5 4. c4 c6 5. Bg2 e6 6. O-O Bd6 7. b3 Qe7 8. a4 a5
9. Ba3 Bxa3 10. Nxa3 O-O 11. Ne5 Nfd7 12. Nd3 b6 13. Qd2 Ba6 14. Rfc1 Qf6 15.
e3 Ra7 16. b4 axb4 17. Qxb4 Rc8 18. Qd6 Rd8 19. Qb4 Rc8 20. Qb3 Rac7 21. cxd5
cxd5 22. Rxc7 Rxc7 23. Nb5 Rc8 24. Nf4 Kh8 25. h4 g6 26. Qa3 Bxb5 27. axb5 Nf8
28. Qd6 Nbd7 29. Ra7 Rd8 30. Qc7 Re8 31. Qc6 Re7 32. Nxd5 1-0

[Event "13. Hogeschool Zeeland Tournament"]
[Site "Vlissingen NED"]
[Date "2009.08.05"]
[Round "6.16"]
[White "Spoelman, Wouter"]
[Black "Smits, Sebastiaan"]
[Result "1-0"]
[WhiteElo "2546"]
[BlackElo "2165"]
[PlyCount "51"]
[EventDate "2009.08.01"]
[EventType "swiss"]
[EventRounds "9"]
[EventCountry "NED"]
[Source "lmi"]
[SourceDate "2009.08.01"]

1. e4 c5 2. Nf3 d6 3. d4 cxd4 4. Nxd4 Nc6 5. Nc3 e6 6. Be3 Nf6 7. f3 Be7 8. Qd2
O-O 9. O-O-O d5 10. Be2 dxe4 11. Nxc6 Qxd2+ 12. Rxd2 bxc6 13. Nxe4 Nd5 14. Bc5
Bxc5 15. Nxc5 a5 16. c4 Nf4 17. Bd1 e5 18. Ba4 Bf5 19. g3 Ne6 20. Nd7 Rfd8 21.
g4 Bg6 22. Bxc6 Rac8 23. Nxe5 Nd4 24. Rhd1 Nxc6 25. Nxc6 Rxd2 26. Rxd2 1-0

[Event "13. Hogeschool Zeeland Tournament"]
[Site "Vlissingen NED"]
[Date "2009.08.05"]
[Round "6.17"]
[White "Marcziter, Dmitrii"]
[Black "Bosch, Jeroen"]
[Result "0-1"]
[WhiteElo "2238"]
[BlackElo "2456"]
[PlyCount "102"]
[EventDate "2009.08.01"]
[EventType "swiss"]
[EventRounds "9"]
[EventCountry "NED"]
[Source "lmi"]
[SourceDate "2009.08.01"]

1. Nf3 d6 2. d4 f5 3. g3 Nf6 4. Bg2 g6 5. O-O Bg7 6. c4 O-O 7. Nc3 Qe8 8. b3 c6
9. Re1 Na6 10. Ba3 Rb8 11. e4 fxe4 12. Nxe4 Nxe4 13. Rxe4 Bf5 14. Re1 Qd7 15.
Qd2 Bg4 16. Ng5 h6 17. Ne4 g5 18. Re3 b5 19. Rae1 b4 20. Bb2 Rf7 21. f3 Bf5 22.
g4 Bg6 23. Ng3 Nc7 24. Qe2 Re8 25. Qd2 a5 26. Nh5 Bxh5 27. gxh5 Rf4 28. Re4
Rxe4 29. Rxe4 d5 30. Re2 dxc4 31. bxc4 Rd8 32. Re4 e5 33. h4 gxh4 34. Rg4 Ne8
35. d5 cxd5 36. cxd5 Nf6 37. Rg6 Nxh5 38. Qxh6 Nf4 39. Rxg7+ Qxg7 40. Qxg7+
Kxg7 41. Bxe5+ Kg6 42. Bxf4 Rxd5 43. Bf1 a4 44. Bc1 Rd1 45. Bf4 b3 46. axb3
axb3 47. Be5 h3 48. Kf2 h2 49. Bg2 h1=Q 50. Bxh1 Rxh1 51. Ke3 Re1+ 0-1

[Event "13. Hogeschool Zeeland Tournament"]
[Site "Vlissingen NED"]
[Date "2009.08.05"]
[Round "6.18"]
[White "In 't Veld, Daan"]
[Black "Leenhouts, Koen"]
[Result "0-1"]
[WhiteElo "2173"]
[BlackElo "2413"]
[PlyCount "54"]
[EventDate "2009.08.01"]
[EventType "swiss"]
[EventRounds "9"]
[EventCountry "NED"]
[Source "lmi"]
[SourceDate "2009.08.01"]

1. e4 g6 2. d4 Bg7 3. Nf3 d6 4. Nc3 a6 5. Be3 b5 6. Bd3 Bb7 7. a4 b4 8. Ne2 Nf6
9. Ng3 Nbd7 10. Qd2 Ng4 11. Qxb4 Nxe3 12. fxe3 Rb8 13. Qd2 O-O 14. b4 e5 15.
O-O h5 16. Qe2 h4 17. Nh1 f5 18. Bc4+ Kh8 19. exf5 Bxf3 20. Rxf3 exd4 21. Rh3
Rxb4 22. g3 d3 23. cxd3 Bxa1 24. Qe1 Qb8 25. Rxh4+ Kg7 26. Qxa1+ Ne5 27. Bb5
Rxa4 0-1

[Event "13. Hogeschool Zeeland Tournament"]
[Site "Vlissingen NED"]
[Date "2009.08.05"]
[Round "6.19"]
[White "Van Weersel, Arlette"]
[Black "Zelbel, Patrick"]
[Result "0-1"]
[WhiteElo "2204"]
[BlackElo "2348"]
[PlyCount "103"]
[EventDate "2009.08.01"]
[EventType "swiss"]
[EventRounds "9"]
[EventCountry "NED"]
[Source "lmi"]
[SourceDate "2009.08.01"]

1. e4 e5 2. Nf3 Nc6 3. Bc4 Nf6 4. d3 h6 5. c3 d6 6. Bb3 g6 7. Nbd2 Bg7 8. Nc4
O-O 9. Ne3 Kh7 10. h3 Nh5 11. g3 Be6 12. Bxe6 fxe6 13. O-O Qe8 14. Ng4 Rd8 15.
Qe2 Rd7 16. Kg2 g5 17. Nfh2 Qg6 18. f3 d5 19. Bd2 Rfd8 20. Rad1 Bf8 21. Bc1 a6
22. b3 d4 23. c4 b5 24. cxb5 axb5 25. Qc2 Nb4 26. Qb1 Qg7 27. a3 Na6 28. b4 Rb8
29. Qb3 Rb6 30. Bd2 c5 31. Rc1 cxb4 32. axb4 Rc7 33. Rxc7 Qxc7 34. Rc1 Qd6 35.
Nf1 Rb7 36. Ra1 Nxb4 37. Bxb4 Qxb4 38. Qxb4 Bxb4 39. Nxe5 Rc7 40. Ra2 Bd6 41.
Ng4 Rc3 42. e5 Bc7 43. Nd2 b4 44. Nc4 Kg6 45. Ra7 Rxd3 46. Rxc7 Rc3 47. Rc6 b3
48. Rxe6+ Kf7 49. Rb6 Rxc4 50. Rxb3 Rc2+ 51. Nf2 Ke6 52. Rb6+ 0-1

[Event "13. Hogeschool Zeeland Tournament"]
[Site "Vlissingen NED"]
[Date "2009.08.05"]
[Round "6.20"]
[White "Verduyn, Frederic"]
[Black "Roobol, Martin"]
[Result "0-1"]
[WhiteElo "2183"]
[BlackElo "2342"]
[PlyCount "60"]
[EventDate "2009.08.01"]
[EventType "swiss"]
[EventRounds "9"]
[EventCountry "NED"]
[Source "lmi"]
[SourceDate "2009.08.01"]

1. e4 g6 2. Nc3 Bg7 3. f4 d6 4. Nf3 Nf6 5. d4 O-O 6. Be3 b6 7. e5 Ng4 8. Qd2 c5
9. d5 dxe5 10. fxe5 Nxe5 11. Nxe5 Bxe5 12. O-O-O Bg7 13. Bh6 Nd7 14. h4 Nf6 15.
h5 Bxh6 16. Qxh6 Ng4 17. Qd2 Qd6 18. Re1 Bf5 19. Bd3 Bxd3 20. cxd3 Rae8 21. Qg5
Nf2 22. Ne4 Qf4+ 23. Qxf4 Nxd3+ 24. Kb1 Nxf4 25. d6 f5 26. dxe7 Rxe7 27. Nf6+
Kf7 28. Nxh7 Rxe1+ 29. Rxe1 Rh8 30. Ng5+ Kf6 0-1

[Event "13. Hogeschool Zeeland Tournament"]
[Site "Vlissingen NED"]
[Date "2009.08.05"]
[Round "6.22"]
[White "Soumya, Swaminathan"]
[Black "Stange, Sven"]
[Result "1-0"]
[WhiteElo "2309"]
[BlackElo "2130"]
[PlyCount "57"]
[EventDate "2009.08.01"]
[EventType "swiss"]
[EventRounds "9"]
[EventCountry "NED"]
[Source "lmi"]
[SourceDate "2009.08.01"]

1. e4 e5 2. Nf3 Nf6 3. Nxe5 d6 4. Nf3 Nxe4 5. d4 d5 6. Bd3 Nc6 7. O-O Be7 8.
Nc3 f5 9. Bf4 Be6 10. Nb5 Rc8 11. Ne5 Nxe5 12. Bxe5 a6 13. f3 Ng5 14. Nc3 O-O
15. Ne2 Nf7 16. Nf4 Qd7 17. Qe2 Nd8 18. Rae1 g6 19. Bxc7 Rxc7 20. Nxe6 Qxe6 21.
Qxe6+ Nxe6 22. Rxe6 Bf6 23. c3 Re7 24. Rd6 Re3 25. Rd1 Bh4 26. Rxd5 Rfe8 27. g3
Bf6 28. Kf2 R3e7 29. a4 1-0

[Event "13. Hogeschool Zeeland Tournament"]
[Site "Vlissingen NED"]
[Date "2009.08.05"]
[Round "6.23"]
[White "Piasetski, Leon"]
[Black "Timmermans, Mark"]
[Result "1-0"]
[WhiteElo "2288"]
[BlackElo "2125"]
[PlyCount "69"]
[EventDate "2009.08.01"]
[EventType "swiss"]
[EventRounds "9"]
[EventCountry "NED"]
[Source "lmi"]
[SourceDate "2009.08.01"]

1. c4 Nf6 2. Nc3 g6 3. e4 d6 4. d4 Bg7 5. Nf3 O-O 6. Be2 e5 7. O-O Nc6 8. d5
Ne7 9. b4 Nh5 10. g3 f5 11. Ng5 Nf6 12. f3 c6 13. b5 h6 14. Ne6 Bxe6 15. dxe6
Kh7 16. bxc6 bxc6 17. Ba3 Ne8 18. c5 d5 19. exd5 cxd5 20. c6 Nc7 21. Rb1 Re8
22. Qa4 Nxe6 23. Ba6 Nd4 24. Bb7 Rb8 25. Bc5 Nexc6 26. Bxc6 Nxc6 27. Qxc6 Rc8
28. Qb5 a6 29. Qb4 d4 30. Na4 Qg5 31. Rb3 Rcd8 32. Qc4 f4 33. Kg2 e4 34. Rb7
Rd5 35. Bxd4 1-0

[Event "13. Hogeschool Zeeland Tournament"]
[Site "Vlissingen NED"]
[Date "2009.08.05"]
[Round "6.24"]
[White "Litwak, Aleksej"]
[Black "Grochal, Joey"]
[Result "1-0"]
[WhiteElo "2268"]
[BlackElo "2125"]
[PlyCount "93"]
[EventDate "2009.08.01"]
[EventType "swiss"]
[EventRounds "9"]
[EventCountry "NED"]
[Source "lmi"]
[SourceDate "2009.08.01"]

1. e4 c5 2. Nf3 Nc6 3. d4 cxd4 4. Nxd4 Nf6 5. Nc3 e5 6. Ndb5 d6 7. Bg5 a6 8.
Na3 b5 9. Nd5 Be7 10. Bxf6 Bxf6 11. c3 O-O 12. Nc2 Bg5 13. a4 bxa4 14. Rxa4 a5
15. Bc4 Rb8 16. b3 Kh8 17. Nce3 Bxe3 18. Nxe3 Ne7 19. O-O Bb7 20. Qd3 Qc7 21.
Rfa1 Ra8 22. Nd5 Bxd5 23. Bxd5 Rac8 24. c4 f5 25. Rxa5 fxe4 26. Bxe4 Qb6 27.
Qe3 Rb8 28. Qxb6 Rxb6 29. Ra8 Rg8 30. R1a3 g6 31. Kf1 Rxa8 32. Rxa8+ Kg7 33.
Ra7 Kf6 34. Rb7 Rxb7 35. Bxb7 e4 36. Bxe4 Ke5 37. Bd5 Kd4 38. f4 Kc3 39. Be6 h5
40. g3 Kd3 41. b4 Kc3 42. b5 Kd4 43. b6 Kc5 44. b7 Nc6 45. Bd5 Nb8 46. Kf2 Kd4
47. Kf3 1-0

[Event "13. Hogeschool Zeeland Tournament"]
[Site "Vlissingen NED"]
[Date "2009.08.05"]
[Round "6.25"]
[White "Haast, Anne"]
[Black "Provoost, Simon"]
[Result "1-0"]
[WhiteElo "2158"]
[BlackElo "2265"]
[PlyCount "77"]
[EventDate "2009.08.01"]
[EventType "swiss"]
[EventRounds "9"]
[EventCountry "NED"]
[Source "lmi"]
[SourceDate "2009.08.01"]

1. e4 c6 2. d4 d5 3. exd5 cxd5 4. c4 Nf6 5. Nc3 Nc6 6. Bg5 e6 7. Nf3 Be7 8. c5
Ne4 9. Bxe7 Qxe7 10. Rc1 O-O 11. Bb5 Bd7 12. O-O b6 13. cxb6 axb6 14. Bxc6 Bxc6
15. Nxe4 Ba4 16. Qd3 dxe4 17. Qxe4 Bb5 18. Rfd1 Qb4 19. Ng5 g6 20. d5 Qxe4 21.
Nxe4 Rxa2 22. d6 Raa8 23. d7 Rfd8 24. Rc7 Kf8 25. h3 Ke7 26. Nd6 Rxd7 27. Nxb5
Rxc7 28. Nxc7 Ra5 29. b4 Ra4 30. Rd4 Ra1+ 31. Kh2 Rb1 32. Nb5 e5 33. Rc4 Rb2
34. Nc3 Kd6 35. Na4 Rxf2 36. Nxb6 f5 37. Na4 e4 38. b5 e3 39. b6 1-0

[Event "13. Hogeschool Zeeland Tournament"]
[Site "Vlissingen NED"]
[Date "2009.08.05"]
[Round "6.26"]
[White "Heltzel, Joost"]
[Black "Meenu, Rajendran"]
[Result "1-0"]
[WhiteElo "2262"]
[BlackElo "2003"]
[PlyCount "79"]
[EventDate "2009.08.01"]
[EventType "swiss"]
[EventRounds "9"]
[EventCountry "NED"]
[Source "lmi"]
[SourceDate "2009.08.01"]

1. d4 Nf6 2. Nf3 e6 3. Bf4 d5 4. e3 Bd6 5. c3 O-O 6. Nbd2 c5 7. Ne5 Nc6 8. Bd3
h6 9. Qf3 Bxe5 10. dxe5 Nh7 11. Qg3 Kh8 12. h4 Ne7 13. Nf3 Nf5 14. Qh3 Qb6 15.
Rb1 Ne7 16. g4 Qa5 17. h5 d4 18. exd4 cxd4 19. Nxd4 Nd5 20. Bd2 Nb6 21. f4 Qxa2
22. O-O Bd7 23. g5 f6 24. exf6 gxf6 25. g6 Rg8 26. Kh2 Nf8 27. f5 exf5 28. Qe3
Rg7 29. Bxf5 Re8 30. Qxh6+ Kg8 31. Bxd7 Nbxd7 32. Nf5 Re2+ 33. Kg1 Rge7 34.
Rbe1 Qc4 35. Nxe7+ Rxe7 36. Rxe7 Qg4+ 37. Kh2 Qh4+ 38. Kg2 Qg4+ 39. Kf2 Qf5+
40. Qf4 1-0

[Event "13. Hogeschool Zeeland Tournament"]
[Site "Vlissingen NED"]
[Date "2009.08.05"]
[Round "6.27"]
[White "Haak, Eelco"]
[Black "Tiggelman, Rene"]
[Result "0-1"]
[WhiteElo "2154"]
[BlackElo "2250"]
[PlyCount "66"]
[EventDate "2009.08.01"]
[EventType "swiss"]
[EventRounds "9"]
[EventCountry "NED"]
[Source "lmi"]
[SourceDate "2009.08.01"]

1. d4 d5 2. Nf3 Nf6 3. g3 c5 4. c3 e6 5. Bg2 Nc6 6. O-O Bd6 7. b3 cxd4 8. cxd4
O-O 9. Nc3 a6 10. Bb2 Bd7 11. Rc1 b5 12. Ne1 Rc8 13. e3 Qe7 14. Nd3 Rc7 15. Nc5
Bc8 16. Qd2 Rd8 17. a3 Nd7 18. b4 Nb6 19. Nb1 Nc4 20. Qc3 Nb8 21. Nd2 Nd7 22.
Nxc4 dxc4 23. e4 f6 24. f4 Nb6 25. Qe3 Bxc5 26. bxc5 Na4 27. Bc3 Nxc3 28. Rxc3
e5 29. fxe5 fxe5 30. dxe5 Qxc5 31. Qxc5 Rxc5 32. Rcf3 Be6 33. Rc1 a5 0-1

[Event "13. Hogeschool Zeeland Tournament"]
[Site "Vlissingen NED"]
[Date "2009.08.05"]
[Round "6.28"]
[White "Hekhuis, Jeroen"]
[Black "Rajesh, V A V."]
[Result "0-1"]
[WhiteElo "2145"]
[BlackElo "2249"]
[PlyCount "58"]
[EventDate "2009.08.01"]
[EventType "swiss"]
[EventRounds "9"]
[EventCountry "NED"]
[Source "lmi"]
[SourceDate "2009.08.01"]

1. d4 Nf6 2. g3 g6 3. Bg2 Bg7 4. e4 d6 5. Ne2 O-O 6. O-O Nfd7 7. c4 Nc6 8. Be3
Na5 9. Qa4 c5 10. Rd1 cxd4 11. Bxd4 Ne5 12. Na3 Bg4 13. Qc2 Rc8 14. b3 a6 15.
f4 Nec6 16. Bxg7 Kxg7 17. c5 Kg8 18. h3 Nb4 19. Qb2 Bxe2 20. Qxe2 Rxc5 21. Kh2
Qb6 22. Rac1 Rfc8 23. Nc4 Qc7 24. Qd2 Nxc4 25. Qxb4 Ne3 26. Rxc5 dxc5 27. Qd2
Nxd1 28. Qxd1 b5 29. Bf1 Qd6 0-1

[Event "13. Hogeschool Zeeland Tournament"]
[Site "Vlissingen NED"]
[Date "2009.08.05"]
[Round "6.29"]
[White "Leenaerts, Robin"]
[Black "Van Eijndhoven, Erik"]
[Result "1/2-1/2"]
[WhiteElo "2248"]
[BlackElo "2076"]
[PlyCount "128"]
[EventDate "2009.08.01"]
[EventType "swiss"]
[EventRounds "9"]
[EventCountry "NED"]
[Source "lmi"]
[SourceDate "2009.08.01"]

1. e4 e6 2. d4 d5 3. Nc3 dxe4 4. Nxe4 Nd7 5. Nf3 Ngf6 6. Bg5 h6 7. Bxf6 Nxf6 8.
Nxf6+ Qxf6 9. Bd3 Bd7 10. Be4 c6 11. Qe2 Bd6 12. O-O-O O-O-O 13. Kb1 Rhe8 14.
Rhe1 Kb8 15. Bd3 Bc8 16. Qe3 Qe7 17. Ne5 f6 18. Ng6 Qc7 19. f4 Bd7 20. Bc4 Qb6
21. a3 c5 22. dxc5 Bxc5 23. Qc3 Bc8 24. Ka2 Bf2 25. Rf1 Bd4 26. Qb3 Bd7 27.
Rfe1 Bc6 28. g3 Bf3 29. Qxb6 Bxb6 30. Rxd8+ Bxd8 31. f5 Bh5 32. Rxe6 Bxg6 33.
fxg6 Rxe6 34. Bxe6 Kc7 35. Bd5 Be7 36. g4 Bd6 37. h4 Be5 38. c3 b6 39. h5 f5
40. gxf5 Bf6 41. Kb3 a5 42. Kc2 Kd6 43. Be4 Kc5 44. Kd3 Be5 45. b4+ axb4 46.
axb4+ Kb5 47. Bf3 Ka6 48. c4 Ka7 49. Kc2 Bf6 50. Kb3 Ka6 51. Bc6 Ka7 52. Ka4
Ka6 53. Bd7 Ka7 54. Kb5 Kb7 55. Bc6+ Kc7 56. Be4 Bc3 57. Bg2 Bd4 58. Ka6 Bc3
59. b5 Bd4 60. Ka7 Kd6 61. f6 Bxf6 62. Kxb6 Bd8+ 63. Kb7 Kc5 64. Bd5 Ba5
1/2-1/2

[Event "13. Hogeschool Zeeland Tournament"]
[Site "Vlissingen NED"]
[Date "2009.08.05"]
[Round "6.30"]
[White "Schaeken, Yordi"]
[Black "Padmini, Rout"]
[Result "1/2-1/2"]
[WhiteElo "2078"]
[BlackElo "2243"]
[PlyCount "91"]
[EventDate "2009.08.01"]
[EventType "swiss"]
[EventRounds "9"]
[EventCountry "NED"]
[Source "lmi"]
[SourceDate "2009.08.01"]

1. d4 Nf6 2. Nf3 g6 3. g3 Bg7 4. Bg2 d5 5. O-O O-O 6. c4 dxc4 7. Na3 Nc6 8.
Nxc4 Be6 9. b3 Bd5 10. Bb2 a5 11. Rc1 Ra6 12. e3 a4 13. bxa4 Qa8 14. a3 Rxa4
15. Nce5 e6 16. Ng5 h6 17. Bxd5 exd5 18. Ngf3 Ne4 19. Qc2 Nxe5 20. Nxe5 Rc8 21.
f3 Nd6 22. Qb3 c6 23. Nd7 Nc4 24. Nb6 Nxb6 25. Qxb6 Bf8 26. Ra1 Qa6 27. Qxa6
Rxa6 28. Rfd1 Rca8 29. Rd3 Rb6 30. Bc1 Ra4 31. Kf1 Rba6 32. Bb2 f5 33. Kf2 Kf7
34. Rb3 b5 35. Rc1 Ke6 36. Rcc3 Rc4 37. Ke2 h5 38. h4 Bd6 39. f4 Raa4 40. Kf3
b4 41. axb4 Bxb4 42. Rc1 Bd2 43. Rd1 Rc2 44. Ra3 Rb4 45. Rxd2 Rbxb2 46. Rxc2
1/2-1/2

[Event "13. Hogeschool Zeeland Tournament"]
[Site "Vlissingen NED"]
[Date "2009.08.05"]
[Round "6.31"]
[White "Rademakers, Maarten"]
[Black "Sarrau, Jelle"]
[Result "0-1"]
[WhiteElo "2066"]
[BlackElo "2229"]
[PlyCount "104"]
[EventDate "2009.08.01"]
[EventType "swiss"]
[EventRounds "9"]
[EventCountry "NED"]
[Source "lmi"]
[SourceDate "2009.08.01"]

1. d4 c5 2. d5 f5 3. c4 Nf6 4. Nc3 g6 5. g3 d6 6. Bg2 Bg7 7. Nf3 O-O 8. O-O Na6
9. Re1 Nc7 10. e4 fxe4 11. Nxe4 Nxe4 12. Rxe4 Bf5 13. Re1 Qd7 14. Bg5 Rae8 15.
Qd2 Bh3 16. Re4 Bxg2 17. Kxg2 e6 18. dxe6 Rxe6 19. Rae1 Rxe4 20. Rxe4 Qc6 21.
Qd3 Rf7 22. b3 d5 23. cxd5 Nxd5 24. Kg1 Nc3 25. Rf4 Qd5 26. Qxd5 Nxd5 27. Rxf7
Kxf7 28. a4 Ke6 29. Kf1 Nc3 30. Ke1 Kd5 31. Nd2 Bd4 32. Be7 Ne4 33. Nxe4 Kxe4
34. Ke2 Kd5 35. f4 Ke4 36. h3 a6 37. a5 Bc3 38. Bxc5 Bxa5 39. Bd6 Bc3 40. Bc7
b5 41. Bd6 a5 42. g4 a4 43. bxa4 bxa4 44. f5 gxf5 45. gxf5 Kxf5 46. Kf3 Ke6 47.
Bf8 Kd5 48. Ke3 Kc4 49. h4 Bb4 50. Bg7 a3 51. h5 a2 52. Ke2 Bc3 0-1

[Event "13. Hogeschool Zeeland Tournament"]
[Site "Vlissingen NED"]
[Date "2009.08.05"]
[Round "6.32"]
[White "Lagrain, Jan"]
[Black "Duchene, Rene"]
[Result "0-1"]
[WhiteElo "2063"]
[BlackElo "2216"]
[PlyCount "46"]
[EventDate "2009.08.01"]
[EventType "swiss"]
[EventRounds "9"]
[EventCountry "NED"]
[Source "lmi"]
[SourceDate "2009.08.01"]

1. e4 e6 2. d4 d5 3. Nc3 Nf6 4. e5 Nfd7 5. f4 c5 6. Nf3 Nc6 7. Be3 Qb6 8. Qd2
Qxb2 9. Rb1 Qa3 10. Nb5 Qxa2 11. Rd1 Rb8 12. Kf2 cxd4 13. Nfxd4 Bb4 14. Qe2 O-O
15. Nb3 Ndxe5 16. fxe5 f6 17. g3 a6 18. Na7 d4 19. Bxd4 fxe5+ 20. Kg1 Nxd4 21.
Nxd4 exd4 22. Nxc8 Rbxc8 23. Bh3 Qxc2 0-1

[Event "13. Hogeschool Zeeland Tournament"]
[Site "Vlissingen NED"]
[Date "2009.08.05"]
[Round "6.33"]
[White "De Vos, Nils"]
[Black "Van de Poel, Taco"]
[Result "1-0"]
[WhiteElo "2205"]
[BlackElo "2023"]
[PlyCount "67"]
[EventDate "2009.08.01"]
[EventType "swiss"]
[EventRounds "9"]
[EventCountry "NED"]
[Source "lmi"]
[SourceDate "2009.08.01"]

1. c4 e5 2. Nc3 Nc6 3. g3 f5 4. Bg2 Nf6 5. d3 Bb4 6. Bd2 O-O 7. Nh3 d6 8. e3
Bxc3 9. Bxc3 Qe8 10. Qe2 f4 11. gxf4 Bg4 12. f3 Bxh3 13. Bxh3 exf4 14. e4 Qh5
15. Bg2 Rae8 16. O-O-O d5 17. Qf2 dxc4 18. dxc4 Ne5 19. b3 Rd8 20. Qe2 Rde8 21.
Kb1 a5 22. a4 Ned7 23. Qf2 c6 24. h4 b5 25. Bh3 Ne5 26. axb5 cxb5 27. c5 Qxf3
28. Qxf3 Nxf3 29. c6 Nxe4 30. Bxa5 Nf2 31. c7 Nxd1 32. Rxd1 Nxh4 33. Bb4 Rc8
34. Bxf8 1-0

[Event "13. Hogeschool Zeeland Tournament"]
[Site "Vlissingen NED"]
[Date "2009.08.05"]
[Round "6.34"]
[White "Meulblok, Willy"]
[Black "Dek, Lennart"]
[Result "1/2-1/2"]
[WhiteElo "2051"]
[BlackElo "2205"]
[PlyCount "34"]
[EventDate "2009.08.01"]
[EventType "swiss"]
[EventRounds "9"]
[EventCountry "NED"]
[Source "lmi"]
[SourceDate "2009.08.01"]

1. e4 g6 2. d4 Bg7 3. f4 c6 4. Nf3 d5 5. e5 h5 6. Bd3 Nh6 7. c3 Bg4 8. Na3 e6
9. Nc2 Nf5 10. Ne3 Qb6 11. Rb1 Bf8 12. Qe2 Nd7 13. Nxf5 Bxf5 14. Be3 Bxd3 15.
Qxd3 Qa5 16. Ra1 b5 17. O-O Qb6 1/2-1/2

[Event "13. Hogeschool Zeeland Tournament"]
[Site "Vlissingen NED"]
[Date "2009.08.05"]
[Round "6.35"]
[White "Gernaert, Jordi"]
[Black "Kiran, Manisha Mohanty"]
[Result "0-1"]
[WhiteElo "2030"]
[BlackElo "2203"]
[PlyCount "62"]
[EventDate "2009.08.01"]
[EventType "swiss"]
[EventRounds "9"]
[EventCountry "NED"]
[Source "lmi"]
[SourceDate "2009.08.01"]

1. c4 Nf6 2. Nc3 d5 3. cxd5 Nxd5 4. d4 g6 5. g3 Bg7 6. Bg2 Nb6 7. e3 O-O 8.
Nge2 c6 9. O-O a5 10. b3 Na6 11. Ne4 e5 12. Bb2 f5 13. Nd2 e4 14. Nc4 Nb4 15.
Bc3 N6d5 16. Bd2 Nd3 17. Nc1 Nxc1 18. Rxc1 Nb4 19. a3 Nd3 20. Rb1 b5 21. Nb2
Nxb2 22. Rxb2 c5 23. Bc3 b4 24. axb4 axb4 25. Bd2 Ba6 26. Re1 cxd4 27. exd4
Qxd4 28. Ra2 Be2 29. Rxa8 Bxd1 30. Rxf8+ Bxf8 31. Rxd1 Bc5 0-1

[Event "13. Hogeschool Zeeland Tournament"]
[Site "Vlissingen NED"]
[Date "2009.08.05"]
[Round "6.36"]
[White "Roggeveen, Wouter"]
[Black "Van Hoeve, Ab"]
[Result "1/2-1/2"]
[WhiteElo "2025"]
[BlackElo "2198"]
[PlyCount "107"]
[EventDate "2009.08.01"]
[EventType "swiss"]
[EventRounds "9"]
[EventCountry "NED"]
[Source "lmi"]
[SourceDate "2009.08.01"]

1. e4 e6 2. d4 d5 3. Nc3 Nf6 4. Bg5 dxe4 5. Nxe4 Be7 6. Bxf6 Bxf6 7. Nf3 Nd7 8.
Bd3 Be7 9. Qe2 O-O 10. h4 h6 11. g4 c5 12. g5 h5 13. g6 fxg6 14. Rg1 cxd4 15.
O-O-O Rf4 16. Rxg6 Nf8 17. Rxg7+ Kxg7 18. Rg1+ Kh6 19. Ne5 Qc7 20. Ng5 Bd6 21.
Ngf7+ Qxf7 22. Nxf7+ Rxf7 23. Qe4 Rf6 24. Qxd4 e5 25. Qe3+ Rf4 26. Rg5 Bg4 27.
Rxe5 Bxe5 28. Qxe5 Ne6 29. f3 Rxf3 30. Qe4 Nf8 31. Qd4 Ne6 32. Qe4 Rxd3 33.
cxd3 Rc8+ 34. Kd2 b6 35. Qe5 Rf8 36. d4 Rf2+ 37. Kc3 Rf3+ 38. Kc4 Rf4 39. Qh8+
Kg6 40. Qe8+ Kf6 41. Qh8+ Ke7 42. Qh7+ Kd6 43. Qxa7 Rxd4+ 44. Kc3 Kc6 45. b4
Nc7 46. a4 Rd7 47. b5+ Kc5 48. Qb8 Nd5+ 49. Kb3 Rf7 50. Qe5 Rf3+ 51. Kb2 Re3
52. Qg5 Kc4 53. Qh6 Re2+ 54. Ka3 1/2-1/2

[Event "13. Hogeschool Zeeland Tournament"]
[Site "Vlissingen NED"]
[Date "2009.08.05"]
[Round "6.38"]
[White "Colijn, Stefan"]
[Black "Foo, Benjamin"]
[Result "0-1"]
[WhiteElo "2187"]
[BlackElo "2013"]
[PlyCount "56"]
[EventDate "2009.08.01"]
[EventType "swiss"]
[EventRounds "9"]
[EventCountry "NED"]
[Source "lmi"]
[SourceDate "2009.08.01"]

1. e4 e5 2. Nf3 Nc6 3. Nc3 Nf6 4. a3 Be7 5. d4 exd4 6. Nxd4 Nxd4 7. Qxd4 d6 8.
Be2 O-O 9. Bf4 Be6 10. Bg3 c5 11. Qd3 d5 12. e5 Ne8 13. Rd1 Qa5 14. O-O d4 15.
Ne4 Qb6 16. f4 f5 17. exf6 Nxf6 18. Kh1 Nd5 19. Ng5 Bxg5 20. fxg5 Ne3 21. Rxf8+
Rxf8 22. Rg1 Qc6 23. h4 Bd5 24. c3 Qe6 25. Kh2 Bc4 26. Qd2 Bxe2 27. cxd4 Nf1+
28. Rxf1 Bxf1 0-1